[Event "23rd ETCC Women 2021"]
[Site "Catez"]
[Date "2021.11.21"]
[Round "9.4"]
[White "Socko, Monika"]
[Black "Kashlinskaya, Alina"]
[Result "0-1"]
[WhiteElo "2393"]
[BlackElo "2482"]
[Annotator "ChessBase"]
[PlyCount "98"]
[EventDate "2021.11.08"]
[EventType "team-tourn"]
[EventCountry "SLO"]
[SourceTitle "playchess.com"]
[Source "ChessBase"]
[SourceQuality "1"]
[WhiteTeam "Poland"]
[BlackTeam "Russia"]
[WhiteTeamCountry "POL"]
[BlackTeamCountry "RUS"]
[TimeControl "40/5400+30:1800+30"]

1. d4 {[%emt 0:00:02]} Nf6 {[%emt 0:00:12]} 2. c4 {[%emt 0:00:05]} g6 {[%emt 0:
00:04]} 3. Nf3 {[%emt 0:00:05]} Bg7 {[%emt 0:00:10]} 4. g3 {[%emt 0:00:10]} c5
{[%emt 0:00:20]} 5. Bg2 {[%emt 0:00:30]} cxd4 {[%emt 0:00:19]} 6. Qxd4 {
[%emt 0:01:14]} Nc6 {[%emt 0:00:17]} 7. Qh4 {[%emt 0:06:25]} h6 {[%emt 0:00:23]
} 8. Qf4 {[%emt 0:00:49]} d5 {[%emt 0:13:55]} 9. cxd5 {[%emt 0:02:59]} Nxd5 {
[%emt 0:01:27]} 10. Qd2 {[%emt 0:00:35]} O-O {[%emt 0:01:09]} 11. O-O {[%emt 0:
00:05]} Be6 {[%emt 0:03:40]} 12. Nc3 {[%emt 0:25:07]} Nxc3 {[%emt 0:24:48]} 13.
bxc3 {[%emt 0:00:08]} Rc8 {[%emt 0:01:04]} 14. Qe3 {[%emt 0:16:22]} Qa5 {
[%emt 0:02:27]} 15. Bd2 {[%emt 0:06:22]} Qa4 {[%emt 0:05:58]} 16. Rfc1 {
[%emt 0:09:54]} Rfd8 {[%emt 0:00:54]} 17. Be1 {[%emt 0:05:00]} b6 {[%emt 0:04:
47]} 18. Nd2 {[%emt 0:03:52]} Ne5 {[%emt 0:05:36]} 19. h3 {[%emt 0:02:26]} Bd5
{[%emt 0:09:31]} 20. Bxd5 {[%emt 0:05:02]} Rxd5 {[%emt 0:00:04]} 21. Nf3 {
[%emt 0:01:09]} Qd7 {[%emt 0:03:25]} 22. Kh2 {[%emt 0:01:08]} Nxf3+ {[%emt 0:
00:54]} 23. Qxf3 {[%emt 0:00:12]} h5 {[%emt 0:02:20]} 24. Rab1 {[%emt 0:01:11]}
Rc4 {[%emt 0:00:43]} 25. Rb4 {[%emt 0:01:25]} Qc6 {[%emt 0:07:03]} 26. Rcb1 {
[%emt 0:00:30]} Bf6 {[%emt 0:00:38]} 27. e3 {[%emt 0:01:57]} Kg7 {[%emt 0:02:
10]} 28. Qe2 {[%emt 0:00:33]} Rdc5 {[%emt 0:01:47]} 29. Rxc4 {[%emt 0:00:57]}
Rxc4 {[%emt 0:00:02]} 30. Rb4 {[%emt 0:00:05]} Rc5 {[%emt 0:01:57]} 31. Rb3 {
[%emt 0:03:02]} Kg8 {[%emt 0:02:17]} 32. Qd1 {[%emt 0:02:13]} Qe4 {[%emt 0:01:
46]} 33. Rb4 {[%emt 0:00:19]} Qe6 {[%emt 0:00:08]} 34. Ra4 {[%emt 0:00:47]} a5
{[%emt 0:00:50]} 35. Rf4 {[%emt 0:01:53]} h4 {[%emt 0:00:53]} 36. Qd3 {[%emt 0:
01:01]} hxg3+ {[%emt 0:00:10]} 37. fxg3 {[%emt 0:00:51]} Qxa2+ {[%emt 0:00:15]}
38. Rf2 {[%emt 0:00:01]} Qd5 {[%emt 0:00:40]} 39. Qa6 {[%emt 0:01:02]} Qd1 {
[%emt 0:03:05]} 40. Rf1 {[%emt 0:02:11]} Qc2+ {[%emt 0:01:43]} 41. Rf2 {
[%emt 0:30:10]} Qb1 {[%emt 0:05:06]} 42. Rf1 {[%emt 0:00:00]} Kg7 {[%emt 0:00:
41]} 43. Qe2 {[%emt 0:00:00]} Qb5 {[%emt 0:01:59]} 44. Qg2 {[%emt 0:00:00]} Qd3
{[%emt 0:04:04]} 45. e4 {[%emt 0:00:00]} a4 {[%emt 0:01:10]} 46. Rf4 {[%emt 0:
00:00]} a3 {[%emt 0:01:16]} 47. h4 {[%emt 0:00:00]} Rb5 {[%emt 0:01:22]} 48.
Rf2 {[%emt 0:00:00]} Rb1 {[%emt 0:00:47]} 49. Rd2 {[%emt 0:00:00]} Qc4 {
[%emt 0:00:57]} 0-1

[Event "23rd ETCC Women 2021"]
[Site "Catez"]
[Date "2021.11.21"]
[Round "9.5"]
[White "Dzagnidze, Nana"]
[Black "Sebag, Marie"]
[Result "1/2-1/2"]
[WhiteElo "2524"]
[BlackElo "2447"]
[Annotator "RC"]
[PlyCount "134"]
[EventDate "2021.11.08"]
[EventType "team-tourn"]
[EventCountry "SLO"]
[SourceTitle "playchess.com"]
[Source "ChessBase"]
[SourceQuality "1"]
[WhiteTeam "Georgia"]
[BlackTeam "France"]
[WhiteTeamCountry "GEO"]
[BlackTeamCountry "FRA"]
[TimeControl "40/5400+30:1800+30"]

1. e4 {[%emt 0:00:04]} c5 {[%emt 0:00:06]} 2. Nf3 {[%emt 0:00:06]} d6 {[%emt 0:
00:06]} 3. Bb5+ {[%emt 0:00:09]} Nd7 {[%emt 0:01:41]} 4. O-O {[%emt 0:00:13]}
a6 {[%emt 0:00:08]} 5. Bd3 {[%emt 0:00:08]} Ngf6 {[%emt 0:00:47]} 6. c3 {
[%emt 0:00:12]} b5 {[%emt 0:00:55]} 7. Bc2 {[%emt 0:00:29]} Bb7 {[%emt 0:03:53]
} 8. Qe2 {[%emt 0:00:32]} g6 {[%emt 0:04:24]} 9. d4 {[%emt 0:00:43]} Bg7 {
[%emt 0:00:45]} 10. Rd1 {[%emt 0:01:00]} O-O {[%emt 0:07:17]} 11. e5 {[%emt 0:
07:16]} Bxf3 {[%emt 0:06:26]} 12. Qxf3 {[%emt 0:01:33]} Ne8 {[%emt 0:23:31]}
13. Bg5 {[%emt 0:16:20]} cxd4 {[%emt 0:05:55]} 14. cxd4 {[%emt 0:04:17]} dxe5 {
[%emt 0:07:37]} 15. Bxe7 {[%emt 0:09:36]} Qxe7 {[%emt 0:02:09]} 16. Qxa8 {
[%emt 0:00:06]} exd4 {[%emt 0:03:40]} 17. Nd2 {[%emt 0:04:32]} Nc7 {[%emt 0:01:
20]} 18. Qb7 {[%emt 0:13:22]} Nc5 {[%emt 0:06:23]} 19. Qf3 {[%emt 0:00:22]}
N7e6 {[%emt 0:02:35]} 20. Ne4 {[%emt 0:13:48]} Nd7 {[%emt 0:01:24]} 21. Bb3 {
[%emt 0:01:55]} Ne5 {[%emt 0:00:23]} 22. Qg3 {[%emt 0:00:14]} Nc4 {[%emt 0:03:
43]} 23. Bxc4 {[%emt 0:00:12]} bxc4 {[%emt 0:00:04]} 24. Rac1 {[%emt 0:00:08]}
f5 {[%emt 0:06:28]} 25. Qd6 {[%emt 0:00:40]} Qxd6 {[%emt 0:01:15]} 26. Nxd6 {
[%emt 0:00:03]} c3 {[%emt 0:00:08]} 27. bxc3 {[%emt 0:00:43]} dxc3 {[%emt 0:00:
07]} 28. Kf1 {[%emt 0:00:40]} Rb8 {[%emt 0:01:54]} 29. Nc4 {[%emt 0:03:21]} Rb4
{[%emt 0:04:32]} 30. Ne3 {[%emt 0:00:26]} Rb2 {[%emt 0:02:59]} 31. Rc2 {
[%emt 0:05:13]} Nc5 {[%emt 0:00:41]} 32. Rxb2 {[%emt 0:04:50]} cxb2 {[%emt 0:
00:00]} 33. Nc4 {[%emt 0:00:20]} Na4 {[%emt 0:00:49]} 34. Rd8+ {[%emt 0:03:24]}
Kf7 {[%emt 0:00:09]} 35. Rb8 {[%emt 0:00:05]} Ke6 {[%emt 0:00:59]} 36. Ke1 {
[%emt 0:01:47]} Bd4 {[%emt 0:01:19]} 37. Kd2 {[%emt 0:05:14]} Kd5 {[%emt 0:01:
01]} 38. Ne3+ {[%emt 0:01:22]} Kc5 {[%emt 0:00:25]} 39. Kc2 {[%emt 0:01:15]}
Nb6 {[%emt 0:00:40]} 40. g3 {[%emt 0:01:36]} a5 {[%emt 0:01:01]} 41. a3 {
[%emt 0:31:59]} a4 {[%emt 0:06:16]} 42. Nd1 {[%emt 0:00:00]} Nc4 {[%emt 0:01:
34]} 43. Nc3 {[%emt 0:00:00]} Nxa3+ {[%emt 0:05:52]} 44. Kxb2 {[%emt 0:00:00]}
Nc4+ {[%emt 0:01:08]} 45. Kc2 {[%emt 0:00:00]} Bxf2 {[%emt 0:01:30]} 46. Kd3 {
[%emt 0:00:00]} Ne5+ {[%emt 0:05:34]} 47. Ke2 {[%emt 0:00:00]} Bd4 {[%emt 0:02:
02]} 48. Nxa4+ {[%emt 0:00:00]} Kc6 {[%emt 0:02:25]} 49. h3 {[%emt 0:00:00]}
Nd7 {[%emt 0:00:59]} 50. Rb1 {[%emt 0:00:00]} Nf6 {[%emt 0:01:14]} 51. Rb4 {
[%emt 0:00:00]} Be5 {[%emt 0:01:25]} 52. g4 {[%emt 0:00:00]} fxg4 {[%emt 0:01:
31]} 53. hxg4 {[%emt 0:00:00]} g5 {[%emt 0:02:13]} 54. Kf3 {[%emt 0:00:14]} h5
{[%emt 0:00:38]} 55. Rb6+ {[%emt 0:01:12]} Kc7 {[%emt 0:00:33]} 56. gxh5 {
[%emt 0:00:06]} g4+ {[%emt 0:00:32]} 57. Kg2 {[%emt 0:00:25]} Nxh5 {[%emt 0:00:
08]} 58. Rh6 {[%emt 0:01:34]} Nf6 {[%emt 0:00:50]} 59. Nc5 {[%emt 0:00:04]} Kd6
{[%emt 0:00:50]} 60. Nd3 {[%emt 0:01:27]} Ke6 {[%emt 0:00:07]} 61. Rh1 {
[%emt 0:00:31]} Bd6 {[%emt 0:00:16]} 62. Rf1 {[%emt 0:00:19]} Nd5 {[%emt 0:00:
27]} 63. Re1+ {[%emt 0:00:52]} Kf5 {[%emt 0:00:08]} 64. Re2 {[%emt 0:00:22]}
Nf4+ {[%emt 0:00:17]} 65. Nxf4 {[%emt 0:00:06]} Bxf4 {[%emt 0:00:04]} 66. Re8 {
[%emt 0:00:48]} Bd6 {[%emt 0:00:14]} 67. Rd8 {[%emt 0:00:49]} Be5 {[%emt 0:00:
15]} 1/2-1/2

[Event "23rd ETCC Women 2021"]
[Site "Catez"]
[Date "2021.11.21"]
[Round "9.6"]
[White "Guichard, Pauline"]
[Black "Javakhishvili, Lela"]
[Result "1/2-1/2"]
[WhiteElo "2409"]
[BlackElo "2446"]
[Annotator "NA"]
[PlyCount "85"]
[EventDate "2021.11.08"]
[EventType "team-tourn"]
[EventCountry "SLO"]
[SourceTitle "playchess.com"]
[Source "ChessBase"]
[SourceQuality "1"]
[WhiteTeam "France"]
[BlackTeam "Georgia"]
[WhiteTeamCountry "FRA"]
[BlackTeamCountry "GEO"]
[TimeControl "40/5400+30:1800+30"]

1. d4 {[%emt 0:00:03]} g6 {[%emt 0:00:05]} 2. e4 {[%emt 0:03:08]} Bg7 {[%emt 0:
00:07]} 3. c4 {[%emt 0:02:24]} c5 {[%emt 0:00:43]} 4. d5 {[%emt 0:00:47]} d6 {
[%emt 0:00:11]} 5. Nf3 {[%emt 0:03:11]} e6 {[%emt 0:00:26]} 6. Nc3 {[%emt 0:02:
50]} Bxc3+ {[%emt 0:00:21]} 7. bxc3 {[%emt 0:00:08]} e5 {[%emt 0:00:03]} 8. Be2
{[%emt 0:06:49]} Nf6 {[%emt 0:01:37]} 9. Qd3 {[%emt 0:00:50]} h6 {[%emt 0:01:
26]} 10. h3 {[%emt 0:04:04]} Nbd7 {[%emt 0:02:08]} 11. Nh2 {[%emt 0:05:50]} Qe7
{[%emt 0:18:06]} 12. a4 {[%emt 0:05:36]} a5 {[%emt 0:01:10]} 13. Rb1 {[%emt 0:
00:37]} Nf8 {[%emt 0:05:43]} 14. Bg4 {[%emt 0:05:40]} Nxg4 {[%emt 0:07:37]} 15.
Nxg4 {[%emt 0:00:27]} f5 {[%emt 0:04:30]} 16. Ne3 {[%emt 0:06:30]} f4 {[%emt 0:
00:17]} 17. Nc2 {[%emt 0:06:21]} Nd7 {[%emt 0:02:48]} 18. Na3 {[%emt 0:00:51]}
O-O {[%emt 0:02:45]} 19. Bd2 {[%emt 0:04:01]} Nf6 {[%emt 0:00:43]} 20. f3 {
[%emt 0:00:31]} Nh5 {[%emt 0:00:43]} 21. Kd1 {[%emt 0:00:08]} g5 {[%emt 0:10:
56]} 22. Be1 {[%emt 0:02:35]} Ng7 {[%emt 0:03:33]} 23. Kc2 {[%emt 0:03:50]} Rf7
{[%emt 0:01:40]} 24. Bf2 {[%emt 0:00:39]} h5 {[%emt 0:00:42]} 25. Rb2 {[%emt 0:
05:16]} Ne8 {[%emt 0:01:04]} 26. Kb1 {[%emt 0:00:39]} Ra6 {[%emt 0:01:12]} 27.
Ka2 {[%emt 0:00:24]} Rg7 {[%emt 0:00:41]} 28. Nb5 {[%emt 0:08:02]} h4 {[%emt 0:
05:06]} 29. Rhb1 {[%emt 0:00:37]} Qd8 {[%emt 0:00:13]} 30. Na3 {[%emt 0:01:00]}
Qc7 {[%emt 0:00:33]} 31. Qd1 {[%emt 0:01:30]} Rf7 {[%emt 0:02:18]} 32. Rb5 {
[%emt 0:00:48]} Qd8 {[%emt 0:02:09]} 33. Qb3 {[%emt 0:02:04]} Qc7 {[%emt 0:02:
04]} 34. Nc2 {[%emt 0:04:59]} Nf6 {[%emt 0:01:23]} 35. Ne1 {[%emt 0:00:42]} Nd7
{[%emt 0:00:55]} 36. Nc2 {[%emt 0:01:23]} b6 {[%emt 0:05:07]} 37. Na3 {[%emt 0:
00:48]} Bb7 {[%emt 0:00:22]} 38. Qb2 {[%emt 0:04:30]} Qd8 {[%emt 0:00:43]} 39.
Rb3 {[%emt 0:02:06]} Rf6 {[%emt 0:00:08]} 40. Nc2 {[%emt 0:00:37]} Rg6 {
[%emt 0:00:35]} 41. Na3 {[%emt 0:31:04]} Rh6 {[%emt 0:30:51]} 42. Nc2 {[%emt 0:
00:35]} Rg6 {[%emt 0:00:05]} 43. Na3 {[%emt 0:00:16]} 1/2-1/2

[Event "23rd ETCC Women 2021"]
[Site "Catez"]
[Date "2021.11.21"]
[Round "9.7"]
[White "Arabidze, Meri"]
[Black "Milliet, Sophie"]
[Result "1/2-1/2"]
[WhiteElo "2441"]
[BlackElo "2418"]
[Annotator "NA"]
[PlyCount "68"]
[EventDate "2021.11.08"]
[EventType "team-tourn"]
[EventCountry "SLO"]
[SourceTitle "playchess.com"]
[Source "ChessBase"]
[SourceQuality "1"]
[WhiteTeam "Georgia"]
[BlackTeam "France"]
[WhiteTeamCountry "GEO"]
[BlackTeamCountry "FRA"]
[TimeControl "40/5400+30:1800+30"]

1. d4 {[%emt 0:00:03]} Nf6 {[%emt 0:00:10]} 2. c4 {[%emt 0:00:07]} e6 {[%emt 0:
00:09]} 3. Nc3 {[%emt 0:00:11]} Bb4 {[%emt 0:00:11]} 4. Qc2 {[%emt 0:00:12]} d6
{[%emt 0:06:42]} 5. Nf3 {[%emt 0:04:15]} O-O {[%emt 0:00:54]} 6. Bd2 {[%emt 0:
02:06]} Nc6 {[%emt 0:04:45]} 7. a3 {[%emt 0:00:35]} Bxc3 {[%emt 0:00:06]} 8.
Bxc3 {[%emt 0:00:03]} Re8 {[%emt 0:09:54]} 9. Rd1 {[%emt 0:11:18]} Qe7 {
[%emt 0:02:30]} 10. e3 {[%emt 0:00:11]} e5 {[%emt 0:00:29]} 11. d5 {[%emt 0:00:
22]} Nb8 {[%emt 0:01:07]} 12. Nd2 {[%emt 0:03:28]} Bg4 {[%emt 0:03:14]} 13. f3
{[%emt 0:03:46]} Bh5 {[%emt 0:00:11]} 14. e4 {[%emt 0:07:46]} a5 {[%emt 0:07:
18]} 15. Be2 {[%emt 0:15:04]} Bg6 {[%emt 0:06:06]} 16. Nf1 {[%emt 0:05:48]}
Nbd7 {[%emt 0:03:50]} 17. Ne3 {[%emt 0:03:08]} Nc5 {[%emt 0:13:15]} 18. O-O {
[%emt 0:07:55]} a4 {[%emt 0:01:24]} 19. Qd2 {[%emt 0:07:05]} Nfd7 {[%emt 0:05:
17]} 20. Qe1 {[%emt 0:02:41]} Rf8 {[%emt 0:05:05]} 21. g4 {[%emt 0:03:34]} h5 {
[%emt 0:01:34]} 22. h3 {[%emt 0:02:21]} hxg4 {[%emt 0:12:22]} 23. hxg4 {
[%emt 0:00:27]} Qg5 {[%emt 0:00:32]} 24. Ng2 {[%emt 0:04:44]} Nb3 {[%emt 0:00:
54]} 25. Bd3 {[%emt 0:01:20]} f6 {[%emt 0:01:29]} 26. Bc2 {[%emt 0:02:03]} Ndc5
{[%emt 0:00:02]} 27. Kf2 {[%emt 0:05:10]} Bf7 {[%emt 0:09:04]} 28. Rh1 {
[%emt 0:01:04]} g6 {[%emt 0:00:03]} 29. Bxb3 {[%emt 0:05:27]} Nxb3 {[%emt 0:00:
03]} 30. Bd2 {[%emt 0:00:24]} Nxd2 {[%emt 0:00:05]} 31. Qxd2 {[%emt 0:00:03]}
Qxd2+ {[%emt 0:00:32]} 32. Rxd2 {[%emt 0:00:30]} b6 {[%emt 0:02:21]} 33. Ne3 {
[%emt 0:02:03]} Kg7 {[%emt 0:01:51]} 34. Rh2 {[%emt 0:01:34]} Rh8 {[%emt 0:00:
15]} 1/2-1/2

[Event "23rd ETCC Women 2021"]
[Site "Catez"]
[Date "2021.11.21"]
[Round "9.8"]
[White "Navrotescu, Andreea"]
[Black "Gvetadze, Sofio"]
[Result "0-1"]
[WhiteElo "2210"]
[BlackElo "2302"]
[Annotator "NA"]
[PlyCount "78"]
[EventDate "2021.11.08"]
[EventType "team-tourn"]
[EventCountry "SLO"]
[SourceTitle "playchess.com"]
[Source "ChessBase"]
[SourceQuality "1"]
[WhiteTeam "France"]
[BlackTeam "Georgia"]
[WhiteTeamCountry "FRA"]
[BlackTeamCountry "GEO"]
[TimeControl "40/5400+30:1800+30"]

1. c4 {[%emt 0:00:02]} Nf6 {[%emt 0:00:16]} 2. Nc3 {[%emt 0:00:07]} g6 {
[%emt 0:00:21]} 3. g3 {[%emt 0:01:22]} Bg7 {[%emt 0:00:30]} 4. Bg2 {[%emt 0:00:
20]} c5 {[%emt 0:01:32]} 5. Nf3 {[%emt 0:00:13]} Nc6 {[%emt 0:01:24]} 6. d4 {
[%emt 0:00:17]} cxd4 {[%emt 0:00:32]} 7. Nxd4 {[%emt 0:00:07]} h5 {[%emt 0:01:
06]} 8. h3 {[%emt 0:17:26]} O-O {[%emt 0:00:59]} 9. Be3 {[%emt 0:02:08]} Na5 {
[%emt 0:16:39]} 10. Qd3 {[%emt 0:06:04]} d6 {[%emt 0:13:02]} 11. b4 {[%emt 0:
03:12]} Nc6 {[%emt 0:20:49]} 12. Bxc6 {[%emt 0:02:40]} bxc6 {[%emt 0:00:22]}
13. Nxc6 {[%emt 0:00:06]} Qd7 {[%emt 0:05:05]} 14. Na5 {[%emt 0:09:14]} Ba6 {
[%emt 0:14:41]} 15. Rc1 {[%emt 0:07:25]} Bb7 {[%emt 0:02:25]} 16. f3 {[%emt 0:
03:32]} d5 {[%emt 0:07:51]} 17. c5 {[%emt 0:11:08]} Rad8 {[%emt 0:06:07]} 18.
Nb5 {[%emt 0:08:49]} a6 {[%emt 0:03:15]} 19. Nd4 {[%emt 0:03:40]} Bc8 {[%emt 0:
00:08]} 20. Ndc6 {[%emt 0:02:55]} Rde8 {[%emt 0:00:43]} 21. Bd4 {[%emt 0:03:48]
} e5 {[%emt 0:00:18]} 22. Bxe5 {[%emt 0:00:44]} Bb7 {[%emt 0:00:24]} 23. Bxf6 {
[%emt 0:04:27]} Bxf6 {[%emt 0:00:26]} 24. Nd4 {[%emt 0:00:37]} Bc8 {[%emt 0:00:
47]} 25. Nac6 {[%emt 0:04:01]} Qc7 {[%emt 0:00:29]} 26. f4 {[%emt 0:02:53]} Re4
{[%emt 0:00:42]} 27. a4 {[%emt 0:01:53]} h4 {[%emt 0:01:14]} 28. O-O {[%emt 0:
03:34]} Rfe8 {[%emt 0:00:56]} 29. Rf3 {[%emt 0:00:29]} hxg3 {[%emt 0:00:19]}
30. Kg2 {[%emt 0:00:50]} Bd7 {[%emt 0:01:02]} 31. b5 {[%emt 0:00:43]} axb5 {
[%emt 0:00:10]} 32. axb5 {[%emt 0:00:01]} Bxc6 {[%emt 0:01:07]} 33. Nxc6 {
[%emt 0:00:02]} Rxe2+ {[%emt 0:00:29]} 34. Kxg3 {[%emt 0:00:01]} Qd7 {[%emt 0:
00:30]} 35. Rd1 {[%emt 0:01:53]} Kg7 {[%emt 0:00:11]} 36. f5 {[%emt 0:01:08]}
Qc7+ {[%emt 0:00:21]} 37. Rf4 {[%emt 0:00:32]} R8e3+ {[%emt 0:00:21]} 38. Qxe3
{[%emt 0:00:20]} Rxe3+ {[%emt 0:00:08]} 39. Kg4 {[%emt 0:00:02]} gxf5+ {
[%emt 0:00:50]} 0-1

[Event "23rd ETCC Women 2021"]
[Site "Catez"]
[Date "2021.11.21"]
[Round "9.9"]
[White "Muzychuk, Anna"]
[Black "Gara, Ticia"]
[Result "1/2-1/2"]
[WhiteElo "2533"]
[BlackElo "2331"]
[Annotator "ChessBase"]
[PlyCount "63"]
[EventDate "2021.11.08"]
[EventType "team-tourn"]
[EventCountry "SLO"]
[SourceTitle "playchess.com"]
[Source "ChessBase"]
[SourceQuality "1"]
[WhiteTeam "Ukraine"]
[BlackTeam "Hungary"]
[WhiteTeamCountry "UKR"]
[BlackTeamCountry "HUN"]
[TimeControl "40/5400+30:1800+30"]

1. e4 {[%emt 0:00:03]} c6 {[%emt 0:00:04]} 2. d4 {[%emt 0:01:09]} d5 {[%emt 0:
00:05]} 3. e5 {[%emt 0:00:16]} c5 {[%emt 0:00:06]} 4. Nf3 {[%emt 0:02:22]} cxd4
{[%emt 0:00:29]} 5. Qxd4 {[%emt 0:00:41]} Nc6 {[%emt 0:00:38]} 6. Qf4 {[%emt 0:
00:17]} e6 {[%emt 0:02:42]} 7. Bd3 {[%emt 0:00:29]} Nb4 {[%emt 0:09:49]} 8. O-O
{[%emt 0:06:08]} Nxd3 {[%emt 0:01:39]} 9. cxd3 {[%emt 0:00:02]} Ne7 {[%emt 0:
05:24]} 10. h4 {[%emt 0:04:00]} Nf5 {[%emt 0:06:43]} 11. h5 {[%emt 0:09:09]} h6
{[%emt 0:01:32]} 12. Nd4 {[%emt 0:16:04]} Nxd4 {[%emt 0:10:09]} 13. Qxd4 {
[%emt 0:00:02]} Qa5 {[%emt 0:12:52]} 14. Bd2 {[%emt 0:18:36]} Qa6 {[%emt 0:03:
29]} 15. Nc3 {[%emt 0:02:17]} Bd7 {[%emt 0:01:24]} 16. a4 {[%emt 0:05:46]} Be7
{[%emt 0:08:02]} 17. b4 {[%emt 0:01:43]} f5 {[%emt 0:14:10]} 18. Be3 {[%emt 0:
07:05]} b6 {[%emt 0:04:53]} 19. Nxd5 {[%emt 0:07:10]} exd5 {[%emt 0:00:32]} 20.
Qxd5 {[%emt 0:00:17]} Rd8 {[%emt 0:08:06]} 21. e6 {[%emt 0:01:39]} Bxe6 {
[%emt 0:02:24]} 22. Qxe6 {[%emt 0:00:09]} Qxd3 {[%emt 0:03:21]} 23. a5 {
[%emt 0:06:58]} Qd6 {[%emt 0:02:01]} 24. Qxf5 {[%emt 0:00:18]} Rf8 {[%emt 0:01:
00]} 25. Qb5+ {[%emt 0:04:02]} Qd7 {[%emt 0:00:47]} 26. Qe5 {[%emt 0:00:10]}
Rf6 {[%emt 0:00:36]} 27. axb6 {[%emt 0:00:41]} axb6 {[%emt 0:00:06]} 28. Rfc1 {
[%emt 0:04:54]} Qd5 {[%emt 0:00:44]} 29. Qg3 {[%emt 0:00:53]} Kf8 {[%emt 0:00:
16]} 30. Ra7 {[%emt 0:00:50]} Qxh5 {[%emt 0:00:34]} 31. f3 {[%emt 0:01:07]}
Rfd6 {[%emt 0:00:43]} 32. Qf4+ {[%emt 0:00:24]} 1/2-1/2

[Event "23rd ETCC Women 2021"]
[Site "Catez"]
[Date "2021.11.21"]
[Round "9.10"]
[White "Gaal, Zsoka"]
[Black "Osmak, Iulija"]
[Result "1/2-1/2"]
[WhiteElo "2336"]
[BlackElo "2423"]
[Annotator "TA"]
[PlyCount "185"]
[EventDate "2021.11.08"]
[EventType "team-tourn"]
[EventCountry "SLO"]
[SourceTitle "playchess.com"]
[Source "ChessBase"]
[SourceQuality "1"]
[WhiteTeam "Hungary"]
[BlackTeam "Ukraine"]
[WhiteTeamCountry "HUN"]
[BlackTeamCountry "UKR"]

{[%evp 9,185,-2,11,7,0,0,0,0,11,11,12,8,9,6,12,16,12,2,25,27,36,37,55,0,30,36,
39,31,47,37,37,9,10,12,6,10,6,0,0,0,0,0,7,0,29,-16,0,0,0,0,0,-9,0,0,0,0,0,0,0,
0,0,0,0,0,0,0,0,0,0,0,0,0,0,0,0,0,0,-6,0,0,0,0,0,0,0,0,0,0,0,0,0,0,0,0,0,0,0,0,
0,0,0,0,0,0,0,0,0,0,0,0,0,0,0,0,0,0,0,-29979,-29980,-29980,-29981,-29981,
-29982,-29978,0,0,0,0,0,0,0,0,0,0,0,0,0,0,0,0,0,0,0,0,0,0,0,0,0,0,0,0,0,0,0,0,
0,0,0,0,0,0,0,0,0,-29984,0,0,0,0,0,0,0,0,0,0,0,0]} 1. Nf3 d5 2. g3 c6 3. Bg2
Bg4 4. h3 Bxf3 5. Bxf3 Nd7 6. O-O {A07: Réti Opening: New York and Capablanca
Systems.} Ngf6 7. d3 e5 8. e4 dxe4 9. dxe4 Bc5 10. Qe2 O-O 11. a4 a5 12. Nd2
Qc7 13. Nc4 Rfd8 {[#]} 14. Rd1 $146 ({Predecessor:} 14. Bg2 Nb6 15. Ne3 g6 16.
Kh2 h5 17. Nd1 Nbd7 18. Bg5 Re8 19. Ne3 Nh7 20. Bh6 {1/2-1/2 (50) Fressinet,L 
(2700)-Wang,Y (2718) Huaian 2016}) 14... h6 15. Bd2 Nf8 {[%cal Bd7f8,Bf8e6,
Be6d4][%mdl 32]} 16. Qe1 ({White should play} 16. Bc3 $14) 16... b6 17. Bc3
N6d7 18. Bg4 Re8 19. Rd3 Ne6 20. Rad1 (20. Kg2 {keeps more tension.} Nd4 21.
Qd1 Nf6 22. f4 Nxg4 23. Qxg4 Qe7 24. fxe5 Nxc2 25. Rc1) 20... Nd4 $1 21. Bxd7
Qxd7 {[#]} 22. Nxe5 $1 Rxe5 (22... Qxh3 23. Bxd4) 23. Bxd4 Bxd4 24. Rxd4 Qxh3
25. Qf1 Qg4 26. Qc4 Re6 27. Re1 Rae8 28. e5 Qf3 29. Rde4 c5 30. Qd5 g5 31. R1e3
Qf5 32. Kg2 h5 33. Rf3 Qg6 34. Rfe3 Kh7 35. Rf3 R8e7 36. Qd3 Kg7 37. Qe2 Rd7
38. b3 g4 39. Rfe3 Qg5 40. Rf4 Rd5 {[%cal Rd5e5]} 41. Rfe4 Qd8 42. Qc4 Qa8 43.
Kf1 Rd2 44. Ke1 Qd8 45. Rd3 Rxd3 46. cxd3 $11 {[%mdl 4096] Endgame KQR-KQR} Qg5
47. Qd5 Qc1+ 48. Ke2 Qa1 49. Re3 Qb2+ 50. Kf1 Qd4 (50... Qb1+ {looks sharper.}
51. Re1 Qc2 52. Kg2 Qd2 53. Re3 Qd1) 51. Qxd4 cxd4 {KR-KR} 52. Re4 Kg6 53. Rxd4
Rxe5 54. Rd6+ Re6 55. Rxe6+ fxe6 {KP-KP} 56. Ke2 Kf5 57. Kd2 Ke5 58. Ke3 Kd5
59. d4 e5 60. dxe5 Kxe5 61. Kd3 Kd5 62. Ke3 Kc5 {aiming for ...Kb4.} 63. Kf4 $2
{[%mdl 8192] [#]} (63. Kd3 $11) 63... Kb4 64. Kg5 Kxb3 65. Kxh5 Kxa4 66. Kxg4 {
KPP-KPP} b5 $2 (66... Kb5 {mates} 67. f4 a4 68. f5 Kc5 69. Kg5 a3 70. f6 Kd6
71. Kh5 a2 72. Kg4 b5 73. f7 Ke7 74. Kg5 a1=Q 75. Kf4 Kxf7 76. g4 Qd4+ 77. Kg3
b4 78. g5 Qe3+ 79. Kh2 b3 80. Kh1 b2 81. g6+ Kxg6 82. Kg2 b1=Q 83. Kh2 Qbg1#)
67. f4 b4 68. f5 b3 69. f6 b2 70. f7 b1=Q 71. f8=Q {KQ-KQ} Qb4+ 72. Qf4 Kb5 {
( -> ...Kc5)} 73. Kh5 Qc5+ 74. Kh6 a4 {And now ...a3 would win.} 75. Qf1+ Ka5 (
75... Qc4 {feels hotter.} 76. Qb1+ Kc6 77. Qg6+ Kc5 78. Qg5+ Qd5) 76. Qe1+ Ka6
{...a3 is the strong threat.} 77. g4 Qb6+ 78. Kh7 Qc7+ 79. Kh6 Qd6+ 80. Kh5 a3
{White should prevent ...Qh2+.} 81. Qe2+ Kb6 {Hoping for ...Qd5+.} 82. g5 Qc5
83. Qe6+ Ka5 84. Qe1+ Kb5 85. Qb1+ Ka4 86. Qe4+ Qb4 (86... Kb3 {with more
complications.} 87. Qb1+ Ka4) 87. Qxb4+ Kxb4 {KP-KP} 88. g6 {The position is
equal.} a2 89. g7 a1=Q 90. g8=Q Qh1+ 91. Kg6 Qg2+ 92. Kh7 Qxg8+ 93. Kxg8 {
Weighted Error Value: White=0.04/Black=0.03} 1/2-1/2